| 000 | 00518nam a22001697a 4500 | ||
|---|---|---|---|
| 999 |
_c478589 _d478589 |
||
| 003 | NUST | ||
| 005 | 20180605070747.0 | ||
| 008 | 180605b ||||| |||| 00| 0 eng d | ||
| 020 | _a9783319131702 | ||
| 038 | _aSNS Library | ||
| 082 | _a537.6 PRY 2015 | ||
| 100 |
_aKjell Prytz _910992 |
||
| 245 |
_aElectrodynamics The Field-Free Approach _bElectrostatics, Magnetism, Induction, Relativity and field theory _cKjell Prytz |
||
| 260 |
_aNew York _bSpringer _c2015 |
||
| 300 |
_axxv, 361 P. _bHb. |
||
| 942 |
_2ddc _cBK |
||